000
00210nam a22000977a 4500
041
_a
ENG
245
_a
Soil Conservation In Ethiopia
260
_a
Delhi
_b
Watershe Development
_c
1995
650
_a
48
856
_u
48
999
_c
3133
_d
3133